MARC

LEADER 00000nam0a2200000 4500
001 56492
005 20231031053528.0
010 |a 5030018042 
035 |a (RuTPU)RU\TPU\book\59338 
090 |a 56492 
100 |a 20030930d1991 k y0rusy50 ca 
101 1 |a rus  |c fre 
102 |a RU 
105 |a a z 001zy 
200 1 |a Порядок в хаосе. О детерминистском подходе к турбулентности  |e пер. с фр.  |f П. Берже, И. Помо, К. Видаль 
210 |a Москва  |c Мир  |d 1991 
215 |a 366 с.  |c ил. 
300 |a Доп. тит. лист 
320 |a Библиогр.: с. 363-364. 
320 |a Предметный указатель: с. 365-366. 
610 1 |a хаос 
610 1 |a порядок 
610 1 |a турбулентность 
610 1 |a синергетика 
610 1 |a физика 
610 1 |a аэродинамика 
610 1 |a газодинамика 
610 1 |a плазма 
610 1 |a оптика 
610 1 |a химическая кинетика 
610 1 |a биология 
610 1 |a преобразование Фурье 
610 1 |a математика 
675 |a 536.75  |v 3 
700 1 |a Берже  |b П.  |g Пьер 
701 1 |a Помо  |b И.  |g Ив 
701 1 |a Видаль  |b К.  |g Кристиан 
801 1 |a RU  |b 63413507  |c 20030930  |g PSBO 
801 2 |a RU  |b 63413507  |c 20030930  |g PSBO 
801 2 |a RU  |b 63413507  |c 20130621  |g PSBO 
942 |c BK